000 00661nam a22002177a 4500
001 64212
003 UA-OsUOA
005 20211020220240.0
007 ta
008 20091103b un ||||| |||| 00| 0 ukr d
040 _aUA-OsUOA
_brus
_cUA-OsUOA
_dUA-OsUOA
041 _arus
080 _a94(470+570)
090 _a94(470+570)
_bР85
245 _aРуководящая роль КПСС в победе советского народа в Великой отечественной войне 1941 - 1945 гг.
260 _aДніпропетровськ
_c1985
300 _a275 с.
650 7 _a94 Історія
_2UDC
942 _cBK
_2udc
955 _a1
999 _c350251
_d350251